书目信息 |
| 题名: |
传奇兵法巨匠若米尼
|
|
| 作者: | 刘聪 著 | |
| 分册: | ||
| 出版信息: | 北京 军事科学出版社 2000.01 |
|
| 页数: | 257页 | |
| 开本: | 32开 | |
| 丛书名: | ||
| 单 册: | ||
| 中图分类: | K835.225.2 | |
| 科图分类: | ||
| 主题词: | 历史 , 地理 | |
| 电子资源: | ||
| ISBN: | 7-80137-261-1 | |
| 000 | 00572nam0 2200205 45 | |
| 001 | 0011021956 | |
| 005 | 20001102192234.5 | |
| 010 | @a7-80137-261-1@d13.00元 | |
| 100 | @a20001102d2000 km y0chiy0120 ea | |
| 101 | 0 | @achi |
| 105 | @a z 000yy | |
| 200 | 1 | @a传奇兵法巨匠若米尼@AChuan Qi Bing Fa Ju Jiang Ruo Mi Ni@f刘聪著@FLiu Cong Zhu |
| 210 | @a北京@c军事科学出版社@d2000.01 | |
| 215 | @a257页@d32开 | |
| 606 | 0 | @a历史 |
| 606 | 0 | @a地理 |
| 690 | @aK835.225.2@v3 | |
| 701 | 0 | @a刘聪@4著 |
| 801 | @aCN@bPftUser@c20001102 | |
| 905 | @b196902-904@dK835.225.2@eL.288@f3 | |
| 传奇兵法巨匠若米尼/刘聪著.-北京:军事科学出版社,2000.01 |
| 257页;32开 |
| ISBN 7-80137-261-1:13.00元 |
| ● |
| 相关链接 |
|
|
|
正题名:传奇兵法巨匠若米尼
索取号:K835.225.2/L.288
 
预约/预借
| 序号 | 登录号 | 条形码 | 馆藏地/架位号 | 状态 | 备注 |
| 1 | 196902 | 201969021 | 社科库309/309社科库 101排2列1层/ [索取号:K835.225.2/L.288] | 在馆 | |
| 2 | 196903 | 201969030 | 社科库309/309社科库 101排2列1层/ [索取号:K835.225.2/L.288] | 在馆 | |
| 3 | 196904 | 201969049 | 社科库309/309社科库 101排2列1层/ [索取号:K835.225.2/L.288] | 在馆 |